LEADER 00801nam0-22002531i-450- 001 990003907880403321 035 $a000390788 035 $aFED01000390788 035 $a(Aleph)000390788FED01 035 $a000390788 100 $a20020509d1951----km-y0itay50------ba 101 0 $aeng 102 $aGB 200 1 $a<>works and correspondence of David Ricardo vol II°$eNotes on Malthus's principles of political economy$fSraffa Piero 210 $aCambridge$cCambridge university press$d1951 215 $a464 p$d24 cm 700 1$aSraffa,$bPiero$f<1898-1983>$050160 801 0$aIT$bUNINA$gRICA$2UNIMARC 901 $aBK 912 $a990003907880403321 952 $aA01.183/2$b176$fDECTS 959 $aDECTS 996 $aWorks and correspondence of David Ricardo vol II$9516095 997 $aUNINA LEADER 01423nas 2200445-a 450 001 996212655803316 005 20211110213021.0 011 $a1703-0765 035 $a(OCoLC)67607268 035 $a(CKB)110978978555667 035 $a(CONSER)cn2006300633 035 $a(EXLCZ)99110978978555667 100 $a20050204a19969999 s-- a 101 0 $aeng 135 $aurcn||||||||| 181 $ctxt$2rdacontent 182 $cc$2rdamedia 183 $acr$2rdacarrier 200 10$aCommentary /$fC.D. Howe Institute 210 $aToronto $cC.D. Howe Institute$d1996- 300 $aRefereed/Peer-reviewed 300 $aPublisher's Web site: http://www.cdhowe.org. 300 $aArchived by Library and Archives Canada. 311 $a0824-8001 531 $aCD HOWE INSTITUTE COMMENTARY 531 $aC.D. HOWE INSTITUTE COMMENTARY 606 $aEconomic history$2fast$3(OCoLC)fst00901974 607 $aCanada$xEconomic conditions$y1991-$vPeriodicals 607 $aCanada$xEconomic policy$y1991-$vPeriodicals 607 $aCanada$xPolitique économique$y1991-$vPériodiques 607 $aCanada$xConditions économiques$y1991-$vPériodiques 607 $aCanada$2fast 608 $aPeriodicals.$2fast 615 7$aEconomic history. 676 $a330.971/005 712 02$aC.D. Howe Institute. 906 $aJOURNAL 912 $a996212655803316 996 $aCommentary$9885543 997 $aUNISA